|
|
|
|
| LEADER |
01866nam a2200349 i 4500 |
| 001 |
34358 |
| 003 |
BD-DhAAL |
| 005 |
20190321095505.0 |
| 008 |
190321t2019 enka b 001 0 eng |
| 999 |
|
|
|c 40488
|d 40488
|
| 010 |
|
|
|a 2018021003
|
| 020 |
|
|
|a 9781138066311 (pbk)
|
| 020 |
|
|
|a 9781138066304 (hbk)
|
| 020 |
|
|
|z 9781315159263 (ebk)
|
| 040 |
|
|
|a DLC
|b eng
|c DLC
|e rda
|d DLC
|d BD-DhAAL
|
| 042 |
|
|
|a pcc
|
| 050 |
0 |
0 |
|a H62
|b .W379 2019
|
| 082 |
0 |
0 |
|a 808.066001
|2 23
|
| 100 |
1 |
|
|a Weaver-Hightower, Marcus B.
|9 30316
|
| 245 |
1 |
0 |
|a How to write qualitative research /
|c Marcus B. Weaver-Hightower.
|
| 260 |
|
|
|a Abingdon, Oxon ;
|a New York, NY :
|b Routledge, Taylor & Francis Group,
|c 2019
|
| 300 |
|
|
|a xi, 270 pages :
|b illustrations ;
|c 25 cm
|
| 504 |
|
|
|a Includes bibliographical references and index.
|
| 505 |
0 |
|
|a General writing processes for qualitative researchers -- Writing happens throughout qualitative research -- Writing with structure -- Writing with grammar in mind -- Revising is the soul of puts the soul in writing -- Writing your study -- Writing to show you were there -- Writing about and with qualitative data -- Writing valid qualitative findings, assertions, and conclusions -- Writing about theory and literature -- Writing about qualitative methods -- Writing with and about visuals -- Writing different genres of qualitative research -- Writing different kinds of documents.
|
| 526 |
|
|
|a AAL
|
| 541 |
|
|
|a Parama
|e 34358
|
| 650 |
|
0 |
|a Qualitative research
|x Methodology.
|9 30317
|
| 650 |
|
0 |
|a Social sciences
|x Authorship.
|9 30318
|
| 650 |
|
0 |
|a Academic writing.
|9 30319
|
| 852 |
|
|
|a Ayesha Abed Library
|c General Stacks
|
| 942 |
|
|
|2 ddc
|c BK
|
| 952 |
|
|
|0 0
|1 0
|2 ddc
|4 0
|6 808_066001000000000_WEA
|7 0
|9 65117
|a BRACUL
|b BRACUL
|c GEN
|d 2019-02-26
|e Parama
|g 2555.29
|l 4
|m 28
|o 808.066001 WEA
|p 3010034358
|r 2025-06-03
|s 2025-04-06
|t 1
|v 2555.29
|w 2019-02-26
|y BK
|